| 000 | 00000nam##2200000za#4500 |
| 001 | 9.643291 |
| 003 | CaOODSP |
| 005 | 20210624224112 |
| 007 | cr ||||||||||| |
| 008 | 150407|1995||||xxc|||||o f|0| 0 fre|d |
| 040 | |aCaOODSP|bfre |
| 043 | |an-cn--- |
| 086 | 1 |aEn108-4/64-1995F-PDF |
| 110 | 1 |aCanada.|bConseil canadien des ministres de l'environnement. |
| 245 | 10|aDécontamination des transformateurs contenant des BPC : |h[ressource électronique]|bnormes et protocoles |
| 260 | |aWinnipeg - Manitoba : |bConseil canadien des ministres de l'environnement |cDécembre 1995. |
| 300 | |a50p.|bfigures, glossaire, références, tableau |
| 500 | |aL'ISBN (1-895925-86X) de l'édition imprimée a été copié dans l'édition électronique. |
| 546 | |a(Preface in English). |
| 590 | |a14-21-Supp|b2014-12-11 |
| 691 | 07|aDéchets dangereux|2gcpds |
| 691 | 07|aDécontamination|2gcpds |
| 691 | 07|aLignes directrices|2gcpds |
| 775 | 08|tPCB transformer decontamination : |w(CaOODSP)9.699170 |
| 856 | 40|ahttp://publications.gc.ca|qPDF|s2.36 Mo|uhttps://publications.gc.ca/collections/collection_2014/ec/En108-4-64-1995-fra.pdf |
| 986 | |aCCME EPC-HW-105F |